|
|
|
|
| LEADER |
00000nam a2200000Ia 4500 |
| 008 |
170606b2000 cr ||||| |||| 00| | spa d |
| 999 |
|
|
|c 1318
|d 1318
|
| 090 |
|
|
|a 05.01.01
|b 1555
|
| 100 |
1 |
|
|a Martínez Franzon, Juliana
|9 2845
|
| 245 |
1 |
0 |
|a Luces y sombras: formación y transformación de las políticas sociales /
|c Juliana Martínez
|
| 260 |
|
|
|a San José, Costa Rica :
|b FLACSO,
|c 2000
|
| 300 |
|
|
|a 86 páginas
|
| 490 |
|
|
|a Cuadernos de Ciencias Sociales,
|v no.117
|
| 650 |
1 |
4 |
|a CIENCIAS SOCIALES
|9 276
|
| 650 |
1 |
4 |
|a POLITICA SOCIAL
|9 2251
|
| 650 |
1 |
4 |
|a PUBLICACIONES PERIÓDICAS
|9 3
|
| 651 |
|
4 |
|a AMÉRICA LATINA
|9 273
|
| 942 |
|
|
|i 00596
|h 05.01.01 1555
|2 z
|c 01
|